[Event "AUTO-ADV-2544"]
[Site "http://www.queenalice.com/game.php?id=1107721"]
[Date "2012.9.29"]
[Round "2"]
[White "marktwain"]
[Black "junipero"]
[Result "1/2-1/2"]
[WhiteElo "2018"]
[BlackElo "2058"]

1. e4 c5 2. Nf3 Nc6 3. Bb5 d6 4. O-O e5 5. c3 Bd7 6. d4 cxd4 7. cxd4 exd4 8.
Nxd4 Nf6 9. Nc3 a6 10. Ba4 Be7 11. Bf4 b5 12. Bb3 O-O 13. Re1 Rc8 14. Re2 Nxd4
15. Qxd4 Be6 16. Rd2 Ne8 17. Rad1 Bxb3 18. axb3 Qc7 19. Nd5 Qb7 20. Qe3 f5 21.
exf5 Rf7 22. Bg5 Bxg5 23. Qxg5 Nf6 24. f3 h6 25. Qf4 Nxd5 26. Rxd5 Qd7 27. Rxd6
Qxf5 28. Qxf5 Rxf5 29. Rxa6 Rc2 30. Rd8+ Kh7 31. Rd7 Rxb2 32. Raa7 Rg5 33. g4
Rxb3 34. Kg2 h5 35. h3 hxg4 36. hxg4 b4 37. Rdb7 Rb2+ 38. Kg3 b3 39. Ra3 Rg6 40.
Rbxb3 Rxb3 41. Rxb3 Rf6 42. g5 Rf7 43. Kg4 g6 44. f4 Rc7 45. Rb4 Ra7 46. f5
gxf5+ 1/2-1/2

[Event "AUTO-ADV-2544"]
[Site "http://www.queenalice.com/game.php?id=1107722"]
[Date "2012.9.29"]
[Round "2"]
[White "pomar"]
[Black "marktwain"]
[Result "0-1"]
[WhiteElo "2028"]
[BlackElo "2001"]

1. f3 e5 2. Kf2 d5 3. e3 Nc6 4. g3 Nf6 5. c4 d4 6. d3 Be7 7. Bh3 Bxh3 8. Nxh3
Qd7 9. Kg2 O-O-O 10. e4 h6 11. Rf1 g5 12. Nf2 Rdg8 13. a3 h5 14. h3 Ne8 15. g4
hxg4 16. fxg4 Rh7 17. Nd2 Rgh8 18. Nf3 f6 19. Ng1 Nd8 20. Nh1 Ne6 21. Ng3 Nf4+
22. Bxf4 gxf4 23. Nf5 Ng7 24. b4 Ne6 25. h4 Rg8 26. Kh3 Ng7 27. Nf3 Nxf5 28.
exf5 Rhg7 29. Rg1 Re8 30. Nh2 Bf8 31. Kg2 Qc6+ 32. Qf3 e4 33. dxe4 Qxe4 34. Rge1
Qc2+ 35. Kh3 Re3 36. Rxe3 fxe3 37. Qd5 Rd7 38. Qe6 Bd6 39. Qe8+ Rd8 40. Qe6+ Kb8
41. Nf3 Qf2 42. Qe4 Qg3# 0-1

[Event "AUTO-ADV-2544"]
[Site "http://www.queenalice.com/game.php?id=1107723"]
[Date "2012.9.29"]
[Round "2"]
[White "marktwain"]
[Black "pomar"]
[Result "1/2-1/2"]
[WhiteElo "2018"]
[BlackElo "2020"]

1. e4 e6 2. d4 d5 3. e5 c5 4. c3 Qb6 5. a3 Nc6 6. Nf3 cxd4 7. cxd4 f6 8. Bd3 Bd7
9. O-O O-O-O 10. b4 Nxd4 11. Nxd4 Qxd4 12. Qc2+ Kb8 13. Bb2 Qh4 14. exf6 Nxf6
15. Be5+ Ka8 16. Qc7 Rc8 17. Bxf6 Qxf6 18. Qxd7 Bxb4 19. Ra2 Bc5 20. Rc2 Qd4 21.
Rd1 Rhf8 22. Qxe6 Rce8 23. Qd7 Re7 24. Qh3 Ref7 25. Qe3 Rxf2 26. Qxd4 Bxd4 27.
Rxf2 Rxf2 28. Kh1 h6 29. Rf1 b6 30. Rxf2 Bxf2 31. g3 Kb7 32. Kg2 Bd4 33. Kf3 Kc6
34. Kf4 Kc5 35. Nd2 Bb2 36. Nb1 b5 37. Bh7 Kd4 38. Bg8 Bc1+ 39. Kf5 Kc5 40. Kg6
Bb2 41. Nd2 Bf6 42. Nb3+ Kc4 43. Na5+ Kc5 44. Nb7+ Kc6 45. Nd8+ Bxd8 46. Kxg7
Bg5 47. h4 Bc1 48. g4 a5 49. Kf6 b4 50. axb4 axb4 51. Ke5 Bb2+ 52. Kf4 Kc5 53.
Ke3 Kc4 54. Kd2 Bf6 55. h5 Kd4 56. Kc2 Ke4 57. Kb3 Bc3 58. Be6 d4 59. Bf5+ Ke3
60. Kc2 Kf4 61. Be6 Ke4 62. Bf5+ Ke3 63. Bg6 Kf4 1/2-1/2

[Event "AUTO-OPEN-3365"]
[Site "http://www.queenalice.com/game.php?id=1317242"]
[Date "2014.10.22"]
[Round "1"]
[White "Lucio1973"]
[Black "marktwain"]
[Result "1-0"]
[WhiteElo "2230"]
[BlackElo "2126"]

1. d4 Nf6 2. c4 g6 3. Nc3 d5 4. cxd5 Nxd5 5. e4 Nxc3 6. bxc3 Bg7 7. Nf3 c5 8.
Rb1 O-O 9. Be3 cxd4 10. cxd4 Qa5+ 11. Qd2 Qxd2+ 12. Nxd2 Rd8 13. Nb3 b6 14. f3
Bb7 15. Be2 e6 16. Kf2 Nc6 17. Rhd1 Rac8 18. a3 Ne7 19. Rdc1 f5 20. Rxc8 Rxc8
21. Nc5 bxc5 22. Rxb7 cxd4 23. Rxe7 dxe3+ 24. Kxe3 Rc3+ 25. Kd2 Rxa3 26. Rxe6
Ra2+ 27. Kd1 fxe4 28. Rxe4 Kf8 29. h3 a5 30. g4 a4 31. Bb5 Ra1+ 32. Ke2 a3 33.
Ra4 Bb2 34. Bc4 Rh1 35. Ra8+ Ke7 36. Ra7+ Kd6 37. Rxh7 Rh2+ 38. Ke3 Bc1+ 39. Ke4
Kc5 40. Rc7+ Kb6 41. Rc8 Rc2 42. Kd3 Rf2 43. Bd5 Rd2+ 44. Ke4 Bb2 45. Bg8 Rd4+
46. Ke3 Rd1 47. h4 Rh1 48. Bd5 Rd1 49. Ba2 Ra1 50. Bf7 Re1+ 51. Kf4 Re7 52. Bd5
1-0

[Event "AUTO-OPEN-3365"]
[Site "http://www.queenalice.com/game.php?id=1317243"]
[Date "2014.10.22"]
[Round "1"]
[White "marktwain"]
[Black "Lucio1973"]
[Result "0-1"]
[WhiteElo "2137"]
[BlackElo "2185"]

1. e4 g6 2. d4 Bg7 3. c3 d5 4. exd5 Qxd5 5. Be2 c6 6. Bf3 Qd8 7. Ne2 Bf5 8. O-O
Nf6 9. Re1 O-O 10. Ng3 Be6 11. Bf4 Nbd7 12. Ne4 Nxe4 13. Bxe4 Nf6 14. Bc2 Nd5
15. Bg3 Qd7 16. Nd2 Bg4 17. Nf3 Rae8 18. h3 Bf5 19. Bxf5 Qxf5 20. c4 Nf4 21. Qb3
b6 22. Qa4 Nxh3+ 23. gxh3 Qxf3 24. Rad1 h5 25. Re3 Qf5 26. Be5 Bh6 27. Rg3 h4
28. Rg2 Qxh3 29. Qxc6 Qf5 30. Kh1 Rc8 31. Qb7 h3 32. Rh2 Rxc4 33. Qd5 Rfc8 34.
Rg1 Rc1 0-1

[Event "AUTO-OPEN-3365"]
[Site "http://www.queenalice.com/game.php?id=1317264"]
[Date "2014.10.22"]
[Round "1"]
[White "Penge1994"]
[Black "marktwain"]
[Result "0-1"]
[WhiteElo "1810"]
[BlackElo "2037"]

1. e4 c5 2. Nf3 d6 3. d4 cxd4 4. Nxd4 Nf6 5. Nc3 a6 6. Bg5 Nbd7 7. Bc4 Qb6 8.
Bb3 Nc5 9. Bxf6 exf6 10. O-O Nxb3 11. Nxb3 Be7 12. Nd5 Qd8 13. Re1 O-O 14. Nd4
f5 15. exf5 Bg5 16. Qg4 Qa5 17. c4 Bd8 18. f6 Bxg4 0-1

[Event "AUTO-OPEN-3365"]
[Site "http://www.queenalice.com/game.php?id=1317265"]
[Date "2014.10.22"]
[Round "1"]
[White "marktwain"]
[Black "Penge1994"]
[Result "1-0"]
[WhiteElo "2056"]
[BlackElo "1898"]

1. d4 d5 2. c4 c6 3. Nf3 dxc4 4. Nc3 b5 5. a4 b4 6. Na2 a5 7. e4 Ba6 8. Ne5 Nf6
9. Bxc4 Bxc4 10. Nxc4 Nxe4 11. O-O e6 12. Re1 Nd6 13. Ne5 Nf5 14. Bf4 Qxd4 15.
Qxd4 Nxd4 16. Rad1 c5 17. Nc4 Nd7 18. Nc1 Be7 19. Nd6+ Bxd6 20. Bxd6 Ra6 21. Bg3
O-O 22. Ne2 Nxe2+ 23. Rxe2 Nf6 24. Rc2 Rc8 25. Rxc5 Raa8 26. Bc7 Nd5 27. Rdc1
Nxc7 28. Rxc7 Rxc7 29. Rxc7 Kf8 30. Kf1 Rd8 31. Ke2 g6 32. Ke3 Kg7 33. Rc5 Ra8
34. Kd4 Kf6 35. Kc4 Ke7 36. Kb5 Kd7 37. Kb6 Kd6 38. Rb5 1-0

[Event "AUTO-MASTER-2179"]
[Site "http://www.queenalice.com/game.php?id=1318025"]
[Date "2014.10.26"]
[Round "1"]
[White "Huevo"]
[Black "marktwain"]
[Result "0-1"]
[WhiteElo "2021"]
[BlackElo "2041"]

1. e4 c5 2. Nf3 d6 3. d4 cxd4 4. Nxd4 Nf6 5. Nc3 a6 6. f3 g6 7. Be3 Bg7 8. Bc4
b5 9. Bb3 O-O 10. Qd2 Bb7 11. O-O-O Nbd7 12. g4 b4 13. Nce2 a5 14. h4 a4 15. Bc4
Qa5 16. Bh6 b3 17. Bxg7 Qxd2+ 18. Rxd2 Kxg7 19. cxb3 axb3 20. Bxb3 Nc5 21. Bc4
Rfc8 22. g5 Nfd7 23. b3 Nxb3+ 24. Nxb3 Rxc4+ 25. Kb2 Ne5 26. Rf1 Rca4 27. Ka1
Nc4 28. Rd4 Rxa2+ 29. Kb1 Rb2+ 30. Kc1 Rxb3 31. Rxc4 Ra1+ 32. Kd2 Rxf1 33. Nd4
Rf2+ 34. Ke1 Rbb2 35. Rc7 Rh2 36. Kd1 Rh1# 0-1

[Event "AUTO-MASTER-2179"]
[Site "http://www.queenalice.com/game.php?id=1318026"]
[Date "2014.10.26"]
[Round "1"]
[White "marktwain"]
[Black "Huevo"]
[Result "1-0"]
[WhiteElo "2086"]
[BlackElo "1957"]

1. d4 d5 2. c4 Bf5 3. Nf3 e6 4. Qb3 b6 5. Nc3 Nf6 6. Bg5 dxc4 7. Qxc4 Be7 8. Bf4
Bd6 9. Ne5 O-O 10. g3 Nbd7 11. Nc6 Qe8 12. Bg2 Bxf4 13. gxf4 a6 14. Ne5 Ra7 15.
Bc6 Qe7 16. e4 Bg6 17. Nxg6 hxg6 18. e5 Nh5 19. Bxd7 Qxd7 20. d5 exd5 21. Nxd5
Qb5 22. Qb3 Qxb3 23. axb3 Rb8 24. Ne7+ Kf8 25. Nc6 Rbb7 26. Nxa7 Rxa7 27. Ra4 a5
28. Rg1 c5 29. Ke2 b5 30. Re4 Ke7 31. e6 f5 32. Re3 Kf6 33. e7 Rxe7 34. Rxe7
Kxe7 35. Rxg6 Kf7 36. Ra6 Nxf4+ 37. Ke3 Nd5+ 38. Kf3 a4 39. bxa4 bxa4 40. Rxa4
Ke6 41. Ra6+ Ke5 42. Rg6 Nb4 43. Rxg7 Nd3 44. h4 Nxb2 45. h5 c4 46. h6 c3 47. h7
Nc4 48. h8=Q c2 49. Rd7+ Ke6 50. Qe8+ Kf6 51. Rf7+ Kg5 52. Qg8+ Kh6 53. Rh7# 1-0

[Event "AUTO-MASTER-2179"]
[Site "http://www.queenalice.com/game.php?id=1318037"]
[Date "2014.10.26"]
[Round "1"]
[White "KLEOJ"]
[Black "marktwain"]
[Result "1-0"]
[WhiteElo "2238"]
[BlackElo "2119"]

1. Nc3 Nf6 2. e4 e5 3. f4 d5 4. fxe5 Nxe4 5. Nf3 Be7 6. Qe2 Ng5 7. Nxg5 Bxg5 8.
d4 Bxc1 9. Rxc1 Qh4+ 10. g3 Qxd4 11. Rd1 Qb4 12. Qb5+ Qxb5 13. Nxb5 Na6 14. Rxd5
c6 15. Nd6+ Ke7 16. Rd2 Nc7 17. Bc4 Be6 18. Bb3 Bxb3 19. axb3 b5 20. O-O Rhf8
21. Nf5+ Ke6 22. Nxg7+ Kxe5 23. Rd7 Rac8 24. Rf5+ Ke4 25. Rf4+ Ke5 26. Rf5+ Ke4
27. Rfxf7 Rxf7 28. Rxf7 a5 29. Nh5 Nd5 30. Rxh7 Kf3 31. h3 Re8 32. Rf7+ Ke2 33.
g4 Re3 34. Kg2 Kd2 35. Rf2+ Kc1 36. g5 Ne7 37. c3 b4 38. Nf4 bxc3 39. bxc3 Re5
40. Nd3+ 1-0

[Event "AUTO-MASTER-2179"]
[Site "http://www.queenalice.com/game.php?id=1318038"]
[Date "2014.10.26"]
[Round "1"]
[White "marktwain"]
[Black "KLEOJ"]
[Result "1-0"]
[WhiteElo "2122"]
[BlackElo "2229"]

1. d4 Nc6 2. Nf3 d5 3. c4 Bg4 4. Nc3 e6 5. cxd5 exd5 6. Bf4 Nf6 7. Qb3 Bb4 8. a3
Bxc3+ 9. bxc3 Rb8 10. e3 O-O 11. h3 Bh5 12. Bd3 Ne4 13. O-O Bxf3 14. gxf3 Nd2
15. Bxh7+ Kh8 16. Qc2 Nxf1 17. Kxf1 Qh4 18. Bf5 Ne7 19. Bxc7 Nxf5 20. Qxf5 Rbc8
21. Bg3 Qh6 22. Qxd5 Rxc3 23. Kg2 Rc2 24. Qxb7 Qxe3 25. Qxa7 f5 26. Qb6 Qg5 27.
Qd6 Rf6 28. Qd8+ Kh7 29. f4 Qh6 30. Rb1 Rg6 31. Rb8 Rxg3+ 32. Kxg3 Qg6+ 33. Qg5
Qxg5+ 34. fxg5 Rc3+ 35. Kf4 Rxa3 36. d5 Rxh3 37. d6 Rd3 38. Rb7 Rxd6 39. Kxf5
Rd5+ 40. Kg4 Kg6 41. f4 Rd1 42. f5+ Kh7 43. f6 Rg1+ 44. Kf4 Rf1+ 45. Ke3 Rg1 46.
Rxg7+ Kh8 47. Re7 Rxg5 48. Re8+ Kh7 49. f7 1-0

[Event "AUTO-MASTER-2179"]
[Site "http://www.queenalice.com/game.php?id=1318045"]
[Date "2014.10.26"]
[Round "1"]
[White "marktwain"]
[Black "pgierech"]
[Result "1-0"]
[WhiteElo "2108"]
[BlackElo "2074"]

1. d4 d5 2. c4 c6 3. Nf3 Nf6 4. Nc3 e6 5. e3 Be7 6. Bd3 dxc4 7. Bxc4 O-O 8. O-O
Nbd7 9. a4 Nb6 10. Bb3 Nbd5 11. e4 Nxc3 12. bxc3 b5 13. e5 Nd5 14. axb5 cxb5 15.
Qd3 a6 16. Bc2 g6 17. Bh6 Re8 18. Nd2 Bb7 19. Ne4 Bf8 20. Bg5 Qc7 21. h4 Be7 22.
f4 Kg7 23. h5 b4 24. hxg6 hxg6 25. c4 Nb6 26. Bf6+ Bxf6 27. exf6+ Kg8 28. Qh3
Qxc4 29. Qh6 Qxd4+ 30. Kh1 Bxe4 31. Qg7# 1-0

[Event "AUTO-MASTER-2179"]
[Site "http://www.queenalice.com/game.php?id=1318046"]
[Date "2014.10.26"]
[Round "1"]
[White "pgierech"]
[Black "marktwain"]
[Result "0-1"]
[WhiteElo "2065"]
[BlackElo "2111"]

1. e4 c5 2. Nf3 d6 3. Be2 Nf6 4. d3 Nc6 5. O-O g6 6. Nc3 Bg7 7. h3 O-O 8. Be3 a6
9. Nh2 b5 10. f4 b4 11. Na4 Qa5 12. c3 Bd7 13. Ng4 Na7 14. b3 bxc3 15. Rc1 Nxg4
16. hxg4 Bd4 17. Bf2 Nc6 18. Kh2 Nb4 19. Nxc3 Bxc3 20. Rxc3 Nxa2 21. Rc2 Rfb8
22. Qb1 Nc3 23. Qb2 Nxe2 24. Rxe2 Bxg4 25. Rc2 Be6 26. Ra1 Qb5 27. Bh4 Qxb3 28.
Qxb3 Rxb3 29. Rd2 f6 30. e5 Kf7 31. exd6 exd6 32. d4 c4 33. d5 Bf5 34. Rda2 c3
35. Rxa6 Rxa6 36. Rxa6 c2 37. Rc6 Rb1 38. Rc7+ Ke8 39. Bxf6 c1=Q 0-1

[Event "AUTO-MASTER-2181"]
[Site "http://www.queenalice.com/game.php?id=1319019"]
[Date "2014.10.29"]
[Round "1"]
[White "Rutty"]
[Black "marktwain"]
[Result "1/2-1/2"]
[WhiteElo "2106"]
[BlackElo "2097"]

1. d4 Nf6 2. c4 c5 3. d5 b5 4. e3 g6 5. cxb5 a6 6. bxa6 Nxa6 7. Nc3 Bg7 8. Bc4
O-O 9. Nf3 d6 10. h3 Nc7 11. O-O Bb7 12. e4 Qd7 13. Qd3 Rfb8 14. b3 Bc8 15. Bb2
Qd8 16. Rfe1 Nd7 17. Re2 Nb6 18. e5 Nxc4 19. bxc4 dxe5 20. Ne4 Bf5 21. Qc3 Bxe4
22. Rxe4 Rxb2 23. Qxb2 f5 24. Rxe5 Bxe5 25. Qxe5 Ra4 26. Nd2 Qd6 27. f4 Na8 28.
Kf2 Nb6 29. Qxd6 exd6 30. g3 Nxc4 31. Nxc4 Rxc4 32. a4 Rb4 33. a5 Rb8 34. a6 Kf7
35. a7 Ra8 36. g4 fxg4 37. hxg4 h5 38. gxh5 gxh5 39. Ra6 Ke7 40. Kg3 c4 41. Kh4
c3 42. Kxh5 c2 43. Rc6 Rxa7 44. Rxc2 Ra4 45. Re2+ Kd7 46. Kg5 Rd4 47. f5 Rxd5
48. Kg6 Rd1 49. Kf7 d5 50. f6 d4 51. Kg8 Rg1+ 52. Kf8 Rf1 53. f7 d3 54. Rd2 Ke6
55. Ke8 Rxf7 56. Rxd3 Rh7 1/2-1/2

[Event "AUTO-MASTER-2181"]
[Site "http://www.queenalice.com/game.php?id=1319020"]
[Date "2014.10.29"]
[Round "1"]
[White "marktwain"]
[Black "Rutty"]
[Result "1-0"]
[WhiteElo "2066"]
[BlackElo "1974"]

1. d4 d5 2. c4 c6 3. Nf3 Nf6 4. Nc3 Bf5 5. cxd5 cxd5 6. Qb3 b6 7. Bg5 e6 8. e3
Be7 9. Bb5+ Nbd7 10. Bxf6 Bxf6 11. Ne5 Bxe5 12. dxe5 O-O 13. f4 Nc5 14. Qd1 a6
15. Be2 b5 16. O-O Qb6 17. g4 Be4 18. Nxe4 Nxe4 19. Qd4 Qxd4 20. exd4 Nd2 21.
Rf2 Nc4 22. b3 Nb6 23. f5 b4 24. Raf1 a5 25. h4 a4 26. bxa4 Rxa4 27. fxe6 1-0

[Event "AUTO-MASTER-2181"]
[Site "http://www.queenalice.com/game.php?id=1319033"]
[Date "2014.10.29"]
[Round "1"]
[White "marktwain"]
[Black "Gera"]
[Result "1-0"]
[WhiteElo "2097"]
[BlackElo "2015"]

1. d4 d5 2. c4 c6 3. Nf3 e6 4. Nc3 Nf6 5. e3 Nbd7 6. Qc2 Be7 7. Bd3 O-O 8. O-O
Qc7 9. e4 dxe4 10. Nxe4 Rd8 11. Bg5 h5 12. Ng3 Re8 13. Rfe1 Bd6 14. Re2 Bxg3 15.
hxg3 Ng4 16. Nh4 Qb6 17. Bh7+ Kh8 18. Nf3 Ndf6 19. Bxf6 Nxf6 20. Ng5 Re7 21.
Rae1 Bd7 22. d5 cxd5 23. cxd5 Nxd5 24. Bg8 f5 25. Bxe6 Bb5 26. Qxf5 Nf6 27. Re5
Bc6 28. Nf7+ Rxf7 29. Bxf7 Rf8 30. Qxh5+ Nh7 31. Qxh7+ 1-0

[Event "AUTO-MASTER-2181"]
[Site "http://www.queenalice.com/game.php?id=1319034"]
[Date "2014.10.29"]
[Round "1"]
[White "Gera"]
[Black "marktwain"]
[Result "0-1"]
[WhiteElo "2018"]
[BlackElo "2072"]

1. d4 Nf6 2. c4 c5 3. d5 e6 4. dxe6 fxe6 5. e3 Be7 6. Nf3 O-O 7. Nc3 d5 8. cxd5
exd5 9. Qc2 d4 10. Ne4 Nc6 11. Nxc5 Qa5+ 12. Bd2 Qxc5 13. Qb3+ Kh8 14. Be2 b6
15. Rc1 Qd6 16. Ng5 Ne5 17. a3 dxe3 18. Bxe3 h6 19. Nf3 Bb7 20. Rd1 Nxf3+ 21.
Bxf3 Qc7 22. Bxb7 Qxb7 23. O-O Ng4 24. Qe6 Nxe3 25. Rd7 Qxg2# 0-1

[Event "AUTO-MASTER-2181"]
[Site "http://www.queenalice.com/game.php?id=1319035"]
[Date "2014.10.29"]
[Round "1"]
[White "marktwain"]
[Black "Nebukadnezar"]
[Result "0-1"]
[WhiteElo "2078"]
[BlackElo "2329"]

1. d4 d5 2. c4 Bf5 3. Nf3 e6 4. Nc3 c6 5. Qb3 Qb6 6. c5 Qxb3 7. axb3 Nd7 8. b4
a6 9. Bf4 Ngf6 10. e3 Rc8 11. Be2 Ne4 12. Na4 Be7 13. h3 g5 14. g4 gxf4 15. gxf5
fxe3 16. fxe3 exf5 17. Rg1 Bf6 18. Nc3 Ke7 19. Nxe4 fxe4 20. Nh2 Rcg8 21. Kd2 h5
22. Raf1 Ke6 23. Rxg8 Rxg8 24. Bxh5 Rg2+ 25. Kc3 Rxh2 26. Bg4+ Ke7 27. Bxd7 Kxd7
28. Rxf6 Ke7 0-1

[Event "AUTO-MASTER-2181"]
[Site "http://www.queenalice.com/game.php?id=1319036"]
[Date "2014.10.29"]
[Round "1"]
[White "Nebukadnezar"]
[Black "marktwain"]
[Result "1-0"]
[WhiteElo "2279"]
[BlackElo "2048"]

1. d4 Nf6 2. c4 c5 3. Nf3 cxd4 4. Nxd4 e6 5. Nc3 Nc6 6. e4 Bb4 7. Nxc6 bxc6 8.
e5 Bxc3+ 9. bxc3 Ne4 10. Qd4 Qa5 11. Bd3 f5 12. exf6 Nxf6 13. O-O O-O 14. c5 Ba6
15. c4 Rae8 16. f4 e5 17. fxe5 Ng4 18. Rxf8+ Rxf8 19. Bb2 1-0

[Event "AUTO-MASTER-2179"]
[Site "http://www.queenalice.com/game.php?id=1341176"]
[Date "2015.2.12"]
[Round "2"]
[White "TheWatcher"]
[Black "marktwain"]
[Result "0-1"]
[WhiteElo "2244"]
[BlackElo "2134"]

1. d4 Nf6 2. c4 e6 3. Nc3 Bb4 4. Nf3 c5 5. g3 cxd4 6. Nxd4 O-O 7. Bg2 d5 8. O-O
Bxc3 9. bxc3 dxc4 10. Qc2 Qe7 11. a4 Na6 12. e4 e5 13. Nb5 Nc5 14. f4 exf4 15.
Bxf4 Nd3 16. Bd6 Qd7 17. Bxf8 Kxf8 18. Rad1 Qe7 19. Rxd3 cxd3 20. Qxd3 Bg4 21.
Nd4 Re8 22. Re1 Qc5 23. Kh1 b6 24. Rf1 Bd7 25. Nb5 Bxb5 26. axb5 Rc8 27. h3 Qxc3
28. Qd6+ Kg8 29. g4 Nxe4 30. Bxe4 Qxh3+ 31. Kg1 Qe3+ 0-1

[Event "AUTO-MASTER-2179"]
[Site "http://www.queenalice.com/game.php?id=1341177"]
[Date "2015.2.12"]
[Round "2"]
[White "marktwain"]
[Black "TheWatcher"]
[Result "1-0"]
[WhiteElo "2117"]
[BlackElo "2267"]

1. d4 Nf6 2. c4 e6 3. g3 d5 4. Bg2 c5 5. cxd5 exd5 6. Nf3 Nc6 7. O-O Be6 8. Nc3
Be7 9. dxc5 Bxc5 10. Bg5 h6 11. Bxf6 gxf6 12. Rc1 a6 13. Na4 Ba7 14. Nc5 Qe7 15.
Nxe6 fxe6 16. e3 h5 17. Nd4 Ne5 18. Nxe6 Qxe6 19. Bxd5 Qe7 20. Qb3 Rh7 21. Bxb7
Qxb7 22. Qg8+ 1-0

[Event "AUTO-MASTER-2179"]
[Site "http://www.queenalice.com/game.php?id=1341178"]
[Date "2015.2.12"]
[Round "2"]
[White "artegasparphb"]
[Black "marktwain"]
[Result "0-1"]
[WhiteElo "1941"]
[BlackElo "2149"]

1. e4 c5 2. Nf3 Nc6 3. Bc4 e6 4. O-O a6 5. d4 cxd4 6. Nxd4 Qc7 7. c3 Nf6 8. Qe2
Be7 9. Bg5 O-O 10. Nd2 b5 11. Bd3 h6 12. Bh4 Bb7 13. f3 Bd6 14. g4 g5 15. Bg3
Bxg3 0-1

[Event "AUTO-MASTER-2179"]
[Site "http://www.queenalice.com/game.php?id=1341179"]
[Date "2015.2.12"]
[Round "2"]
[White "marktwain"]
[Black "artegasparphb"]
[Result "1-0"]
[WhiteElo "2155"]
[BlackElo "1933"]

1. d4 d5 2. c4 Nf6 3. cxd5 Nxd5 4. Nf3 e6 5. e4 Nf6 6. Nc3 Be7 7. Bd3 O-O 8. O-O
c6 9. Bf4 b5 10. Qd2 a5 11. e5 Nd5 12. Bg3 Na6 13. Nxd5 cxd5 14. Bxb5 Qb6 15.
Bd3 Nb4 16. a3 1-0